| 000 | 00705nam a2200229Ia 4500 | ||
|---|---|---|---|
| 003 | OSt | ||
| 005 | 20220923223653.0 | ||
| 006 | a|||||r|||| 00| 0 | ||
| 007 | ta | ||
| 008 | 220922b |||||||| |||| 00| 0 pan d | ||
| 024 | _a220,076 | ||
| 037 | _cTextual | ||
| 040 |
_aARTS _cARTS _bpan |
||
| 041 |
_2pan _apan |
||
| 082 | _aQ8441:21:g, 153N3 | ||
| 100 | _aਗੁਰਚਰਨ ਸਿੰਘ | ||
| 245 | 0 | _aਗੁਰਬਾਣੀ ਸਭਿਆਚਾਰ | |
| 260 |
_aਅਮ੍ਰਿਤਸਰ _b ਵਾਰਿਸFਾਹ ਫਾਊਜ਼ਡੇFਨ _c1993 |
||
| 300 |
_a159ਪੰ _ccm. |
||
| 942 |
_hQ8441:21:g, 153N3 _cTEXL _2CC |
||
| 999 |
_c366776 _d366776 |
||